000
00341 a2200157 4500
001
57376
020
_a
8526229982
040
_c
Anchieta - Pituba
100
_a
Caruso, Aristides
240
1
0
_a
O castelo da intriga
_l
por
245
1
0
_a
O castelo da intriga
300
_a
48
362
0
_a
1997
650
4
_a
Literatura juvenil
942
_c
BK
999
_c
57376
_d
57376